[Event "SLO-chT (Women)"]
[Site "Ljubljana"]
[Date "2014.04.13"]
[Round "7.3"]
[White "Grosar, Kiti"]
[Black "Debeljak, Jerneja"]
[Result "1-0"]
[WhiteElo "2169"]
[BlackElo "1500"]
[PlyCount "45"]
[EventDate "2014.04.04"]
[EventType "team-tourn"]
[EventRounds "7"]
[EventCountry "SLO"]
[SourceTitle "EXT 2019"]
[Source "ChessBase"]
[SourceDate "2018.10.10"]
[SourceVersion "1"]
[SourceVersionDate "2018.10.10"]
[SourceQuality "1"]
[WhiteTeam "Nova Gorica (W)"]
[BlackTeam "Kranj Tomo Zupan (W)"]
[WhiteTeamCountry "SLO"]
[BlackTeamCountry "SLO"]

1. e4 c5 2. Nf3 Nc6 3. d4 cxd4 4. Nxd4 e5 5. Nb5 d6 6. N1c3 a6 7. Na3 Nf6 8. Bg5 Be7 9. Bxf6 gxf6 10. Bc4 Be6 11. Qh5 Bxc4 12. Nxc4 b5 13. Ne3 Nd4 14. 0-0 Bf8 15. Ncd5 Bg7 16. f4 0-0 17. f5 Rc8 18. c3 Nc6 19. Ng4 Nb8 20. Rf3 Nd7 21. Rh3 Re8 22. Qxh7+ Kf8 23. Nh6 1-0

[Event "SLO-chT (Women)"]
[Site "Kozje"]
[Date "2008.12.04"]
[Round "6"]
[White "Debeljak, Jerneja"]
[Black "Vucko, Maja"]
[Result "0-1"]
[WhiteElo "1500"]
[BlackElo "1963"]
[PlyCount "98"]
[EventDate "2008.11.27"]
[EventType "team-tourn"]
[EventRounds "9"]
[EventCountry "SLO"]
[SourceTitle "CBM 127 Extra"]
[Source "ChessBase"]
[SourceDate "2009.01.08"]
[SourceVersion "2"]
[SourceVersionDate "2009.01.28"]
[SourceQuality "1"]

1. e4 c5 2. Nf3 d6 3. d4 cxd4 4. Nxd4 Nf6 5. Nc3 a6 6. Be3 e6 7. Bd3 Be7 8. 0-0 0-0 9. Re1 Qc7 10. f3 b5 11. a3 Bb7 12. Qd2 d5 13. exd5 Nxd5 14. Nxd5 Bxd5 15. Bf4 Qb6 16. Qe3 Bc5 17. c3 Nc6 18. Kh1 Nxd4 19. cxd4 Bxd4 20. Qe2 Rac8 21. Rad1 Bf6 22. Be5 Bxe5 23. Qxe5 Bc4 24. Be4 Qc7 25. Qh5 f5 26. Bd3 g6 27. Qh4 Bd5 28. Re2 Qb7 29. Qf4 Rc6 30. Rde1 Qc7 31. Qxc7 Rxc7 32. h3 Kf7 33. Kg1 Rfc8 34. Kf2 Rc1 35. g4 Rxe1 36. Rxe1 Kf6 37. Kg3 Rd8 38. Be2 Rc8 39. Bd3 e5 40. Rd1 Be6 41. Rd2 Rd8 42. Kf2 e4 43. Ke3 Rxd3+ 44. Rxd3 exd3 45. Kxd3 fxg4 46. hxg4 h5 47. gxh5 gxh5 48. Ke3 h4 49. Kf2 Ke5 0-1

[Event "SLO-chT (Women)"]
[Site "Kozje"]
[Date "2008.11.29"]
[Round "3"]
[White "Debeljak, Jerneja"]
[Black "Bucar, Natasa"]
[Result "0-1"]
[WhiteElo "1500"]
[BlackElo "1882"]
[PlyCount "74"]
[EventDate "2008.11.27"]
[EventType "team-tourn"]
[EventRounds "9"]
[EventCountry "SLO"]
[SourceTitle "CBM 127 Extra"]
[Source "ChessBase"]
[SourceDate "2009.01.08"]
[SourceVersion "2"]
[SourceVersionDate "2009.01.28"]
[SourceQuality "1"]

1. e4 c5 2. Nf3 Nc6 3. d4 cxd4 4. Nxd4 Nf6 5. Nc3 e5 6. Ndb5 d6 7. Be3 a6 8. Na3 b5 9. Nd5 Rb8 10. f3 Be6 11. Be2 Bxd5 12. exd5 Ne7 13. c4 bxc4 14. Nxc4 Nexd5 15. Bg5 Qd7 16. b3 Nc3 17. Qd3 Nxe2 18. Qxe2 Qf5 19. Bxf6 gxf6 20. Na5 Qc8 21. Qd2 Qc5 22. Rc1 Qb5 23. Kf2 d5 24. Qc3 Qb6+ 25. Ke2 Qb5+ 26. Kf2 Bd6 27. Nc6 Rc8 28. Rc2 Kd7 29. Rhc1 Ba3 30. Rd1 Rxc6 31. Qd2 Rxc2 32. Qxc2 Qc5+ 33. Qxc5 Bxc5+ 34. Ke2 Kd6 35. Kd3 f5 36. g3 e4+ 37. fxe4 fxe4+ 0-1

[Event "SLO-chT (Women)"]
[Site "Kozje"]
[Date "2008.11.29"]
[Round "4"]
[White "Grosar, Kiti"]
[Black "Debeljak, Jerneja"]
[Result "1-0"]
[WhiteElo "2221"]
[BlackElo "1500"]
[PlyCount "91"]
[EventDate "2008.11.27"]
[EventType "team-tourn"]
[EventRounds "9"]
[EventCountry "SLO"]
[SourceTitle "CBM 127 Extra"]
[Source "ChessBase"]
[SourceDate "2009.01.08"]
[SourceVersion "2"]
[SourceVersionDate "2009.01.28"]
[SourceQuality "1"]

1. e4 e5 2. Nf3 Nc6 3. d4 d6 4. Bb5 Bd7 5. 0-0 Nf6 6. d5 Ne7 7. Bxd7+ Qxd7 8. Qd3 Ng6 9. Nc3 a6 10. Ne2 Be7 11. c4 c6 12. h3 0-0 13. Be3 h6 14. b4 Rac8 15. a4 Nh7 16. Rfc1 f5 17. dxc6 bxc6 18. c5 f4 19. Bd2 Ng5 20. Nxg5 hxg5 21. f3 Ra8 22. cxd6 Qxd6 23. Qxd6 Bxd6 24. Rxc6 Rfd8 25. Bc3 Ne7 26. Rc4 Rac8 27. Rxc8 Nxc8 28. Kh2 Na7 29. Rd1 Kf7 30. Bxe5 Nc8 31. Rd5 Be7 32. Rxd8 Bxd8 33. Nd4 Nb6 34. b5 axb5 35. axb5 Nc4 36. Nc6 Bb6 37. Bd4 Bc7 38. e5 Ke6 39. g3 g6 40. h4 fxg3+ 41. Kxg3 gxh4+ 42. Kxh4 Nxe5 43. Bxe5 Bxe5 44. Nxe5 Kxe5 45. Kg5 Kd5 46. Kxg6 1-0

[Event "SLO-chT (Women)"]
[Site "Kozje"]
[Date "2008.11.28"]
[Round "2"]
[White "Ursic, Mojca"]
[Black "Debeljak, Jerneja"]
[Result "0-1"]
[WhiteElo "1675"]
[BlackElo "1500"]
[PlyCount "80"]
[EventDate "2008.11.27"]
[EventType "team-tourn"]
[EventRounds "9"]
[EventCountry "SLO"]
[SourceTitle "CBM 127 Extra"]
[Source "ChessBase"]
[SourceDate "2009.01.08"]
[SourceVersion "2"]
[SourceVersionDate "2009.01.28"]
[SourceQuality "1"]

1. e4 e5 2. Nf3 Nc6 3. Nc3 Bc5 4. Bb5 Nge7 5. 0-0 0-0 6. d3 h6 7. Be3 Bb6 8. d4 d6 9. d5 Nb8 10. Qd2 Bd7 11. Rad1 Bg4 12. Be2 Bxe3 13. fxe3 Nd7 14. Qe1 f5 15. Nd2 Bxe2 16. Qxe2 f4 17. exf4 Rxf4 18. Rxf4 exf4 19. Qg4 Ne5 20. Qxf4 N7g6 21. Qg3 c6 22. Nf3 Qb6+ 23. Kh1 Qxb2 24. Nxe5 Nxe5 25. dxc6 Nxc6 26. Rxd6 Qxc2 27. h3 Rf8 28. Qd3 Qc1+ 29. Kh2 Ne5 30. Qd5+ Nf7 31. Qd2 Qf1 32. Rg6 Ne5 33. Rg3 Rf2 34. Qd5+ Nf7 35. Qd4 Ng5 36. Rxg5 hxg5 37. Qd8+ Kh7 38. Qxg5 Qe1 39. Qh4+ Kg8 40. Nd5 Rxg2+ 0-1

[Event "SLO-chT U20"]
[Site "Murska Sobota"]
[Date "2007.08.27"]
[Round "3"]
[White "Debeljak, Jerneja"]
[Black "Drnovsek, Nejc"]
[Result "0-1"]
[WhiteElo "1549"]
[BlackElo "2046"]
[PlyCount "84"]
[EventDate "2007.08.25"]
[EventType "team-swiss"]
[EventRounds "9"]
[EventCountry "SLO"]
[SourceTitle "CBM 120 Extra"]
[Source "ChessBase"]
[SourceDate "2007.11.01"]
[SourceVersion "1"]
[SourceVersionDate "2007.11.01"]
[SourceQuality "1"]

1. e4 e5 2. Nf3 Nc6 3. Bc4 Nf6 4. d3 Be7 5. Nc3 d6 6. Be3 0-0 7. h3 Na5 8. Bb3 Nxb3 9. axb3 a6 10. 0-0 c5 11. Nd5 Nxd5 12. exd5 f5 13. c4 Qe8 14. Re1 Qg6 15. Kf1 f4 16. Bd2 Qxd3+ 17. Qe2 Qxe2+ 18. Rxe2 Bf6 19. Ba5 Bf5 20. Kg1 Rf7 21. Bc3 b6 22. Rd1 a5 23. Nh2 h5 24. f3 g5 25. Ra1 Re8 26. Kf2 Kg7 27. Rae1 Rfe7 28. Nf1 e4 29. fxe4 Rxe4 30. Rxe4 Rxe4 31. Rxe4 Bxe4 32. Nd2 Bd3 33. g3 Bxc3 34. bxc3 Kf6 35. Kf3 Kf5 36. Kf2 fxg3+ 37. Kxg3 h4+ 38. Kf3 Bc2 39. Kf2 Kf4 40. Kg2 Ke3 41. Nf3 Be4 42. Kg1 Kxf3 0-1

[Event "SLO-chT U20"]
[Site "Murska Sobota"]
[Date "2007.08.26"]
[Round "2"]
[White "Vombek, Sara"]
[Black "Debeljak, Jerneja"]
[Result "1-0"]
[WhiteElo "1873"]
[BlackElo "1549"]
[PlyCount "51"]
[EventDate "2007.08.25"]
[EventType "team-swiss"]
[EventRounds "9"]
[EventCountry "SLO"]
[SourceTitle "CBM 120 Extra"]
[Source "ChessBase"]
[SourceDate "2007.11.01"]
[SourceVersion "1"]
[SourceVersionDate "2007.11.01"]
[SourceQuality "1"]

1. Nf3 Nf6 2. b3 d5 3. Bb2 Bf5 4. e3 e6 5. Be2 Nbd7 6. 0-0 Bd6 7. d3 Qe7 8. Nbd2 0-0-0 9. c4 c6 10. a3 Rhg8 11. b4 g5 12. c5 Bc7 13. Nd4 a6 14. a4 g4 15. g3 h5 16. b5 cxb5 17. axb5 Nxc5 18. Nxf5 exf5 19. d4 Nce4 20. bxa6 bxa6 21. Bxa6+ Kd7 22. Bb5+ Kc8 23. Qa4 Rd6 24. Qa8+ Bb8 25. Rfc1+ Kd8 26. Qxb8# 1-0

[Event "SLO-ch U16 Girls"]
[Site "Murska Sobota"]
[Date "2007.03.01"]
[Round "7"]
[White "Debeljak, Jerneja"]
[Black "Bucar, Natasa"]
[Result "0-1"]
[WhiteElo "1500"]
[BlackElo "1763"]
[PlyCount "72"]
[EventDate "2007.02.25"]
[EventType "tourn"]
[EventRounds "9"]
[EventCountry "SLO"]
[SourceTitle "CBM 117 Extra"]
[Source "ChessBase"]
[SourceDate "2007.05.09"]
[SourceVersion "1"]
[SourceVersionDate "2007.05.09"]
[SourceQuality "1"]

1. e4 c5 2. Nf3 d6 3. d4 cxd4 4. Nxd4 Nf6 5. Nc3 a6 6. Be3 e5 7. Nf3 Be7 8. Bc4 0-0 9. h3 Nc6 10. 0-0 Na5 11. Bd5 Bd7 12. Qd3 Rc8 13. b4 Nxd5 14. Nxd5 Bb5 15. Qd2 Bxf1 16. Rxf1 Nc4 17. Qd3 b5 18. c3 Rc6 19. Nd2 Nxd2 20. Qxd2 Re8 21. Rc1 Qc8 22. Qd3 Bf8 23. Bd2 Re6 24. Qf3 Rg6 25. Qf5 Qd8 26. Re1 a5 27. a3 axb4 28. axb4 Ra6 29. Be3 Ra3 30. Bb6 Qa8 31. Qd7 Ra1 32. Rf1 Rxf1+ 33. Kxf1 Qa4 34. Ke2 Qc2+ 35. Kf3 Qd3+ 36. Be3 Qd1# 0-1

[Event "SLO-ch U16 Girls"]
[Site "Murska Sobota"]
[Date "2007.02.28"]
[Round "6"]
[White "Flander, Zana"]
[Black "Debeljak, Jerneja"]
[Result "0-1"]
[WhiteElo "1607"]
[BlackElo "1500"]
[PlyCount "106"]
[EventDate "2007.02.25"]
[EventType "tourn"]
[EventRounds "9"]
[EventCountry "SLO"]
[SourceTitle "CBM 117 Extra"]
[Source "ChessBase"]
[SourceDate "2007.05.09"]
[SourceVersion "1"]
[SourceVersionDate "2007.05.09"]
[SourceQuality "1"]

1. e4 e5 2. Nf3 Nc6 3. Bc4 Bc5 4. 0-0 Nf6 5. Nc3 d6 6. h3 Be6 7. Bxe6 fxe6 8. d3 0-0 9. Ng5 Qe7 10. Nb5 Rac8 11. c4 a6 12. Nc3 Nd4 13. Nf3 h6 14. Nxd4 Bxd4 15. Ne2 c5 16. Ng3 Qf7 17. Qe2 Qg6 18. Be3 Nd7 19. Bxd4 exd4 20. Rab1 Rf7 21. Nh1 Rcf8 22. Qg4 Qxg4 23. hxg4 Ne5 24. Rfd1 Nxg4 25. f3 Ne5 26. b4 Ng6 27. b5 axb5 28. Rxb5 Ra8 29. Rb6 Rxa2 30. Rxd6 Nf4 31. Nf2 Ra6 32. Rxa6 bxa6 33. Ra1 Ra7 34. g3 Ne2+ 35. Kg2 a5 36. Nd1 a4 37. Kf2 Nc3 38. Nxc3 dxc3 39. Ke2 a3 40. Kd1 a2 41. Kc2 Ra3 42. d4 cxd4 43. c5 Kf7 44. e5 Ke7 45. Kd3 Kd7 46. f4 g6 47. Kxd4 c2 48. Kc4 c1Q+ 49. Rxc1 a1Q 50. Rxa1 Rxa1 51. Kb5 Rb1+ 52. Kc4 Kc6 53. Kd4 Rg1 0-1

[Event "SLO-ch U16 Girls"]
[Site "Murska Sobota"]
[Date "2007.02.26"]
[Round "2"]
[White "Korosec, Lara"]
[Black "Debeljak, Jerneja"]
[Result "0-1"]
[WhiteElo "1562"]
[BlackElo "1500"]
[PlyCount "105"]
[EventDate "2007.02.25"]
[EventType "tourn"]
[EventRounds "9"]
[EventCountry "SLO"]
[SourceTitle "CBM 117 Extra"]
[Source "ChessBase"]
[SourceDate "2007.05.09"]
[SourceVersion "1"]
[SourceVersionDate "2007.05.09"]
[SourceQuality "1"]

1. e4 e5 2. Nf3 Nc6 3. Bc4 Bc5 4. d3 Nf6 5. Bg5 d6 6. h3 a6 7. Nc3 h6 8. Bh4 Be6 9. Nd5 g5 10. Bg3 Nb4 11. Nxb4 Bxb4+ 12. c3 Ba5 13. Bb3 Qe7 14. Qc2 Nh5 15. 0-0-0 0-0-0 16. Bh2 Nf4 17. Bxf4 gxf4 18. d4 exd4 19. Nxd4 Bb6 20. f3 Rhg8 21. Rd2 Rde8 22. Re1 Qf6 23. Qd3 Bxb3 24. Nxb3 Be3 25. Rxe3 fxe3 26. Qxe3 Kb8 27. Nd4 d5 28. Nf5 dxe4 29. fxe4 Qg5 30. Qxg5 hxg5 31. Nh6 Rgf8 32. Rd7 f6 33. Rd4 Rd8 34. Kd2 Rxd4+ 35. cxd4 Re8 36. Kd3 Re6 37. Ke3 Kc8 38. Ng4 Kd7 39. e5 fxe5 40. dxe5 Rc6 41. Ke4 Ke6 42. g3 Rc2 43. h4 gxh4 44. gxh4 Rxb2 45. h5 Rb1 46. Kf4 c5 47. h6 Rh1 48. Kg5 c4 49. Kg6 c3 50. h7 c2 51. Nf2 Rxh7 52. Nd3 Rc7 53. Kg5 0-1

[Event "SLO-ch U16 Girls"]
[Site "Murska Sobota"]
[Date "2007.02.26"]
[Round "4"]
[White "Voros, Lea"]
[Black "Debeljak, Jerneja"]
[Result "0-1"]
[WhiteElo "1500"]
[BlackElo "1500"]
[PlyCount "44"]
[EventDate "2007.02.25"]
[EventType "tourn"]
[EventRounds "9"]
[EventCountry "SLO"]
[SourceTitle "CBM 117 Extra"]
[Source "ChessBase"]
[SourceDate "2007.05.09"]
[SourceVersion "1"]
[SourceVersionDate "2007.05.09"]
[SourceQuality "1"]

1. e4 e5 2. Nf3 Nc6 3. Bc4 Bc5 4. Nc3 Nf6 5. d3 d6 6. Ng5 0-0 7. 0-0 h6 8. Nf3 Bg4 9. h3 Bh5 10. Bd2 Nd4 11. Nd5 Nxf3+ 12. gxf3 Nxd5 13. Bxd5 c6 14. Bc4 Qf6 15. Kg2 Rad8 16. h4 d5 17. Bb3 Qe7 18. c3 d4 19. c4 f5 20. Qc1 fxe4 21. fxe4 Bf3+ 22. Kg1 Qxh4 0-1

[Event "SLO-chT1 (Women)"]
[Site "Otocec"]
[Date "2006.11.11"]
[Round "8"]
[White "Vombek, Sara"]
[Black "Debeljak, Jerneja"]
[Result "1-0"]
[WhiteElo "1856"]
[BlackElo "1500"]
[PlyCount "49"]
[EventDate "2006.11.02"]
[EventType "team"]
[EventRounds "9"]
[EventCountry "SLO"]
[SourceTitle "EXT 2008"]
[Source "ChessBase"]
[SourceDate "2007.11.25"]
[SourceVersion "1"]
[SourceVersionDate "2007.11.25"]
[SourceQuality "1"]

1. e4 e5 2. Nf3 Nc6 3. Nc3 Bc5 4. Nxe5 Nxe5 5. d4 Bd6 6. dxe5 Bxe5 7. Bd3 Nf6 8. 0-0 d6 9. h3 Bxc3 10. bxc3 Be6 11. Bg5 h6 12. Bh4 g5 13. Bg3 a6 14. e5 Nd5 15. exd6 cxd6 16. Qd2 Qc7 17. c4 Nb6 18. Rfe1 Kf8 19. Qc3 Rg8 20. Qf6 Qd7 21. Rad1 Rc8 22. Bh7 Rg7 23. Bxd6+ Ke8 24. Qxg7 f6 25. Qf8# 1-0

[Event "SLO-chT1 (Women)"]
[Site "Otocec"]
[Date "2006.11.05"]
[Round "5"]
[White "Debeljak, Jerneja"]
[Black "Urbanc, Suzana"]
[Result "0-1"]
[WhiteElo "1500"]
[BlackElo "1732"]
[PlyCount "42"]
[EventDate "2006.11.02"]
[EventType "team"]
[EventRounds "9"]
[EventCountry "SLO"]
[SourceTitle "EXT 2008"]
[Source "ChessBase"]
[SourceDate "2007.11.25"]
[SourceVersion "1"]
[SourceVersionDate "2007.11.25"]
[SourceQuality "1"]

1. e4 e5 2. Nf3 Nc6 3. Bc4 Bc5 4. d3 h6 5. Nc3 Nf6 6. Be3 Bb6 7. h3 d6 8. 0-0 Be6 9. Bb3 Qd7 10. Kh2 g5 11. Bxe6 fxe6 12. Nd2 Qg7 13. Bxb6 axb6 14. f3 Kd7 15. Qe2 Nd4 16. Qd1 Rag8 17. Kg1 h5 18. Nb3 g4 19. Kf2 gxh3 20. gxh3 Qg2+ 21. Ke1 Nxc2+ 0-1

[Event "SLO-chT1 (Women)"]
[Site "Otocec"]
[Date "2006.11.04"]
[Round "3"]
[White "Saradjen, Darja"]
[Black "Debeljak, Jerneja"]
[Result "0-1"]
[WhiteElo "1500"]
[BlackElo "1500"]
[PlyCount "116"]
[EventDate "2006.11.02"]
[EventType "team"]
[EventRounds "9"]
[EventCountry "SLO"]
[SourceTitle "EXT 2008"]
[Source "ChessBase"]
[SourceDate "2007.11.25"]
[SourceVersion "1"]
[SourceVersionDate "2007.11.25"]
[SourceQuality "1"]

1. e4 e5 2. Nf3 Nc6 3. Bc4 Bc5 4. Nc3 Nf6 5. d3 d6 6. Bg5 h6 7. Bxf6 Qxf6 8. Nd5 Qd8 9. h3 Be6 10. a3 0-0 11. b4 Bb6 12. Nxb6 axb6 13. Bxe6 fxe6 14. c3 Qf6 15. 0-0 Ne7 16. d4 Rad8 17. Qc2 Ng6 18. Rfe1 Nf4 19. Kh2 Ng6 20. Rad1 Qf4+ 21. Kg1 Nh4 22. Nxh4 Qxh4 23. dxe5 dxe5 24. Rxd8 Rxd8 25. Qb3 Qf6 26. Qc4 c6 27. a4 Rd2 28. Rf1 Rb2 29. b5 cxb5 30. axb5 Qf7 31. Qd3 Rb3 32. Rb1 Rxb1+ 33. Qxb1 Qc7 34. Qd3 Kh8 35. f3 Qc5+ 36. Kh2 Qc7 37. g4 Qe7 38. Kg3 Kh7 39. Qe3 Qc7 40. h4 Qc5 41. Qxc5 bxc5 42. h5 g5 43. hxg6+ Kxg6 44. f4 Kf6 45. Kf3 exf4 46. Kxf4 e5+ 47. Kf3 Kg6 48. b6 c4 49. Kg3 Kg5 50. Kh3 Kf4 51. Kh4 Kxe4 52. Kh5 Kd3 53. Kxh6 e4 54. g5 e3 55. g6 e2 56. g7 e1Q 57. g8Q Qh1+ 58. Kg7 Qg2+ 0-1

[Event "SLO-ch U16 Girls"]
[Site "Murska Sobota"]
[Date "2006.03.03"]
[Round "7"]
[White "Debeljak, Jerneja"]
[Black "Flander, Zana"]
[Result "0-1"]
[WhiteElo "1500"]
[BlackElo "1650"]
[PlyCount "106"]
[EventDate "2006.02.26"]
[EventType "swiss"]
[EventRounds "7"]
[EventCountry "SLO"]
[SourceTitle "EXT 2009"]
[Source "ChessBase"]
[SourceDate "2008.11.26"]
[SourceVersion "1"]
[SourceVersionDate "2008.11.26"]
[SourceQuality "1"]

1. e4 e5 2. Nf3 Nc6 3. Bc4 Bc5 4. Nc3 Nf6 5. d3 a6 6. h3 d6 7. Be3 Nd4 8. 0-0 0-0 9. Bxd4 exd4 10. Ne2 Bb6 11. Nexd4 c5 12. Ne2 d5 13. exd5 Nxd5 14. Re1 Ba5 15. c3 Bc7 16. d4 Nf4 17. dxc5 Qf6 18. Qd4 Nxh3+ 19. Kf1 Qxd4 20. Nexd4 Nf4 21. Re3 Ng6 22. Rae1 Bd7 23. Bd3 Nf4 24. Bf5 Bxf5 25. Nxf5 Ne6 26. b4 a5 27. a3 Rfd8 28. N5d4 Nxd4 29. cxd4 axb4 30. axb4 Kf8 31. Re7 Rac8 32. R7e4 b6 33. c6 Rd6 34. b5 Rd5 35. Rb1 Rcd8 36. Ke2 Re8 37. Kd3 Rxe4 38. Kxe4 Rd8 39. Ne5 f5+ 40. Kxf5 Rxd4 41. Nd7+ Kf7 42. g3 g6+ 43. Kg5 Bd8+ 44. Kh6 Rd5 45. g4 Rd4 46. f3 Rd2 47. Rh1 Kg8 48. g5 Rb2 49. Nf6+ Bxf6 50. gxf6 Rxb5 51. f7+ Kxf7 52. Kxh7 Rc5 53. Rd1 Rh5# 0-1

[Event "SLO-ch U16 Girls"]
[Site "Murska Sobota"]
[Date "2006.03.01"]
[Round "4"]
[White "Debeljak, Jerneja"]
[Black "Topic, Jelena"]
[Result "0-1"]
[WhiteElo "1500"]
[BlackElo "1828"]
[PlyCount "78"]
[EventDate "2006.02.26"]
[EventType "swiss"]
[EventRounds "7"]
[EventCountry "SLO"]
[SourceTitle "EXT 2009"]
[Source "ChessBase"]
[SourceDate "2008.11.26"]
[SourceVersion "1"]
[SourceVersionDate "2008.11.26"]
[SourceQuality "1"]

1. e4 c5 2. Nf3 d6 3. d4 cxd4 4. Nxd4 Nf6 5. Nc3 a6 6. Be3 e5 7. Nf3 h6 8. Bc4 Be6 9. Bb3 Nbd7 10. h3 b5 11. Qd3 Rc8 12. Nd5 Bxd5 13. Bxd5 Qc7 14. c3 Nxd5 15. Qxd5 Nf6 16. Qd3 Be7 17. 0-0 0-0 18. Nh4 Rfd8 19. Rad1 d5 20. exd5 Nxd5 21. Nf5 Bf6 22. Qe4 Nxe3 23. Qxe3 Bg5 24. Qe2 g6 25. Ng3 Bf4 26. Kh1 f5 27. Qc2 Bxg3 28. fxg3 Kg7 29. Rfe1 h5 30. Kh2 e4 31. Qb3 h4 32. Re3 hxg3+ 33. Rxg3 Rxd1 34. Qxd1 Rd8 35. Qe1 Rd3 36. h4 Qf4 37. Kh3 Qg4+ 38. Kh2 Qxh4+ 39. Kg1 Qxg3 0-1

[Event "SLO-ch U16 Girls"]
[Site "Murska Sobota"]
[Date "2006.02.27"]
[Round "3"]
[White "Debeljak, Jerneja"]
[Black "Cankar, Romana"]
[Result "1-0"]
[WhiteElo "1500"]
[BlackElo "1517"]
[PlyCount "85"]
[EventDate "2006.02.26"]
[EventType "swiss"]
[EventRounds "7"]
[EventCountry "SLO"]
[SourceTitle "EXT 2009"]
[Source "ChessBase"]
[SourceDate "2008.11.26"]
[SourceVersion "1"]
[SourceVersionDate "2008.11.26"]
[SourceQuality "1"]

1. e4 e5 2. Nf3 Nc6 3. Bc4 Nf6 4. Nc3 Bc5 5. d3 h6 6. Be3 Bb6 7. Qe2 d6 8. h3 0-0 9. 0-0 Na5 10. Bb3 Qe7 11. Rfd1 Be6 12. d4 exd4 13. Bxd4 Bxd4 14. Nxd4 Bxb3 15. axb3 Qe5 16. Nf5 Nc6 17. Ra4 a6 18. Qe3 b5 19. Ra2 Nb4 20. Ra5 Kh7 21. Qd4 Qxd4 22. Nxd4 c5 23. Nf5 Nxc2 24. Rxd6 g6 25. Rxf6 gxf5 26. Rxf5 Nd4 27. Rf6 Nxb3 28. Raxa6 Rxa6 29. Rxa6 Re8 30. f3 b4 31. Nd5 Nc1 32. Nf6+ Kg7 33. Nxe8+ Kh7 34. Rc6 Ne2+ 35. Kf2 Nf4 36. Kg3 Ne2+ 37. Kh2 Nf4 38. Rxc5 Nd3 39. Rb5 Nxb2 40. Rxb4 Nd3 41. Rd4 Nf4 42. e5 Ne6 43. Rd7 1-0

[Event "SLO-ch U14 Girls"]
[Site "Celje"]
[Date "2004.03.06"]
[Round "9"]
[White "Nadvesnik, Maja"]
[Black "Debeljak, Jerneja"]
[Result "1-0"]
[WhiteElo "1633"]
[BlackElo "1500"]
[PlyCount "89"]
[EventDate "2004.02.22"]
[EventType "tourn"]
[EventRounds "8"]
[EventCountry "SLO"]
[SourceTitle "EXT 2008"]
[Source "ChessBase"]
[SourceDate "2007.11.25"]
[SourceVersion "1"]
[SourceVersionDate "2007.11.25"]
[SourceQuality "1"]

1. e4 e5 2. Nf3 Nc6 3. Bb5 d6 4. d4 exd4 5. Qxd4 Bd7 6. Bxc6 Bxc6 7. 0-0 Nf6 8. Nc3 Be7 9. Re1 0-0 10. Bg5 h6 11. Be3 Re8 12. Rad1 Qd7 13. Bc1 Bb5 14. e5 Nh7 15. exd6 cxd6 16. Ne5 dxe5 17. Qxe5 Bf6 18. Qxb5 Qxb5 19. Nxb5 Rxe1+ 20. Rxe1 a6 21. Nd6 Rb8 22. c3 b5 23. Bf4 Rd8 24. f3 Ng5 25. Re8+ Rxe8 26. Nxe8 Be7 27. Nc7 Ne6 28. Nxe6 fxe6 29. b3 Kf7 30. Kf2 g5 31. Be5 Kg6 32. g4 h5 33. h3 h4 34. Ke3 Kf7 35. Kd4 Ke8 36. a4 bxa4 37. bxa4 Kd7 38. Ke4 Kc6 39. Bd4 Bd6 40. Be3 Be7 41. Ke5 Kd7 42. c4 Bd6+ 43. Kf6 Bf4 44. Bxf4 gxf4 45. g5 1-0

[Event "SLO-ch U14 Girls"]
[Site "Celje"]
[Date "2004.02.24"]
[Round "5"]
[White "Debeljak, Jerneja"]
[Black "Topic, Jelena"]
[Result "0-1"]
[WhiteElo "1500"]
[BlackElo "1588"]
[PlyCount "80"]
[EventDate "2004.02.22"]
[EventType "tourn"]
[EventRounds "8"]
[EventCountry "SLO"]
[SourceTitle "EXT 2008"]
[Source "ChessBase"]
[SourceDate "2007.11.25"]
[SourceVersion "1"]
[SourceVersionDate "2007.11.25"]
[SourceQuality "1"]

1. e4 c5 2. Nf3 d6 3. d4 cxd4 4. Nxd4 Nf6 5. Nc3 a6 6. Be3 e5 7. Nf3 Be6 8. Bg5 Nbd7 9. Bd3 Be7 10. Bxf6 Nxf6 11. 0-0 0-0 12. Qe2 Qc7 13. h3 Rac8 14. Qe3 Qc5 15. a3 Nh5 16. Qxc5 Rxc5 17. Na4 Rc6 18. Rfd1 Nf4 19. Rac1 Bc4 20. Bxc4 Rxc4 21. Nc3 Rxc3 22. bxc3 Ne2+ 23. Kf1 Nxc1 24. Rxc1 Rc8 25. Rb1 Rxc3 26. Rxb7 Bf8 27. a4 Rc4 28. Ra7 Rxa4 29. Nd2 g6 30. Ke1 Bh6 31. f3 Kg7 32. Ke2 Ra2 33. Kd3 Ra1 34. Nc4 Kf6 35. Nxd6 Rd1+ 36. Ke2 Rxd6 37. c4 Rc6 38. Kd3 Kg7 39. Kc3 Be3 40. Kb4 Bxa7 0-1